<?xml version="1.0" encoding="UTF-8"?>
<record
    xmlns:xsi="http://www.w3.org/2001/XMLSchema-instance"
    xsi:schemaLocation="http://www.loc.gov/MARC21/slim http://www.loc.gov/standards/marcxml/schema/MARC21slim.xsd"
    xmlns="http://www.loc.gov/MARC21/slim">

  <leader>00765nam a22002297a 4500</leader>
  <datafield tag="999" ind1=" " ind2=" ">
    <subfield code="c">159435</subfield>
    <subfield code="d">159435</subfield>
  </datafield>
  <controlfield tag="005">20181217170331.0</controlfield>
  <controlfield tag="006">a|||||f|||| 00| 0 </controlfield>
  <controlfield tag="007">tc</controlfield>
  <controlfield tag="008">180713b        xxu|||||f|||| 00| 0 eng d</controlfield>
  <datafield tag="010" ind1=" " ind2=" ">
    <subfield code="a">B-079074-B-079075</subfield>
  </datafield>
  <datafield tag="020" ind1=" " ind2=" ">
    <subfield code="c">11.00</subfield>
  </datafield>
  <datafield tag="035" ind1=" " ind2=" ">
    <subfield code="a">B-079074</subfield>
  </datafield>
  <datafield tag="037" ind1=" " ind2=" ">
    <subfield code="b">A.I.C.B.</subfield>
  </datafield>
  <datafield tag="082" ind1=" " ind2=" ">
    <subfield code="a">480</subfield>
  </datafield>
  <datafield tag="100" ind1=" " ind2=" ">
    <subfield code="a">Khan, Nasiruddin</subfield>
  </datafield>
  <datafield tag="245" ind1=" " ind2=" ">
    <subfield code="a">Modern English Pathways Supplementry Reader</subfield>
    <subfield code="c">by Nasiruddin Khan</subfield>
  </datafield>
  <datafield tag="260" ind1=" " ind2=" ">
    <subfield code="a">New Delhi</subfield>
    <subfield code="b">A.I.C.B.</subfield>
    <subfield code="c">N.D.</subfield>
  </datafield>
  <datafield tag="270" ind1=" " ind2=" ">
    <subfield code="a">Sector-5, Rohini, </subfield>
    <subfield code="b">New Delhi</subfield>
    <subfield code="e">110085</subfield>
    <subfield code="k">011-27054082</subfield>
  </datafield>
  <datafield tag="300" ind1=" " ind2=" ">
    <subfield code="a"> various pages</subfield>
    <subfield code="c">30cm(HB)</subfield>
  </datafield>
  <datafield tag="942" ind1=" " ind2=" ">
    <subfield code="2">ddc</subfield>
    <subfield code="c">BRLEN</subfield>
    <subfield code="h">480</subfield>
    <subfield code="m">KHA</subfield>
  </datafield>
  <datafield tag="952" ind1=" " ind2=" ">
    <subfield code="0">0</subfield>
    <subfield code="1">0</subfield>
    <subfield code="4">0</subfield>
    <subfield code="7">0</subfield>
    <subfield code="8">NFIC</subfield>
    <subfield code="a">BRL</subfield>
    <subfield code="b">BRL</subfield>
    <subfield code="d">2003-11-14</subfield>
    <subfield code="e">1502/14-11-2003</subfield>
    <subfield code="g">11.00</subfield>
    <subfield code="l">0</subfield>
    <subfield code="o">480 KHA</subfield>
    <subfield code="p">B-079074</subfield>
    <subfield code="r">2018-12-17 00:00:00</subfield>
    <subfield code="t">1</subfield>
    <subfield code="w">2018-12-17</subfield>
    <subfield code="y">BRLEN</subfield>
  </datafield>
  <datafield tag="952" ind1=" " ind2=" ">
    <subfield code="0">0</subfield>
    <subfield code="1">0</subfield>
    <subfield code="4">0</subfield>
    <subfield code="7">0</subfield>
    <subfield code="8">NFIC</subfield>
    <subfield code="a">BRL</subfield>
    <subfield code="b">BRL</subfield>
    <subfield code="d">2003-11-14</subfield>
    <subfield code="e">1502/14-11-2003</subfield>
    <subfield code="g">11.00</subfield>
    <subfield code="l">0</subfield>
    <subfield code="o">480 KHA</subfield>
    <subfield code="p">B-079075</subfield>
    <subfield code="r">2018-12-17 00:00:00</subfield>
    <subfield code="t">1</subfield>
    <subfield code="w">2018-12-17</subfield>
    <subfield code="y">BRLEN</subfield>
  </datafield>
</record>
